00761nam a2200205 i 4500001000700000003000900007005001700016007000300033008004100036080001200077100003000089245012500119260003400244300002200278650004300300700003900343852003200382999001900414952012200433146843ES-MaACL20250903021320.0t|070918s1967 sp ||||1| spa d a512.6431 aTropper, A. Mary.911151110aTeoría de matrices aplicada a la electricidad y la electrónica /cA. Mary Tropper ; traducción de Félix Vidondo. aMadrid : bParaninfo, c1967. a118 p. ; c22 cm.17aMatrices (Matemáticas)2embne9148541 aVidondo Morrás, Félix.9114553 aES-MaACLjC-32412 bR.63209 c146843d146843 00104070aATENEOMbATENEOMcDEPO2d2008-01-17eSCl0oC-32412p1153254r2023-02-23 00:00:00w2023-02-23yMONOGRAFIA